000 nam a22 7a 4500
999 _c8883
_d8883
008 180120b ||||| |||| 00| 0 eng d
100 _aVenugopal S
_95201
245 _aScience with extra Innings
260 _aNew Delhi
_bRachna Publication
_c2008